Измерение спектральных характеристик gamma-излучения электроновпри каналировании в монокристаллах германия; Журнал технической физики; Т. 16, № 3

Podrobná bibliografie
Parent link:Журнал технической физики.— , 1975-
Т. 16, № 3.— 1989.— [С. 192-194]
Další autoři: Амосов К. Ю., Андреяшкин М. Ю., Внуков И. Е., Воробьев С. А. Сергей Александрович, Забаев В. Н. Виктор Николаевич, Калинин Б. Н., Науменко Г. А. Геннадий Андреевич, Потылицын А. П. Александр Петрович, Сарычев В. П., Ялова Л. Е.
Shrnutí:Заглавие с экрана
Jazyk:ruština
Vydáno: 1989
Témata:
On-line přístup:http://journals.ioffe.ru/jtf/1989/11/page-192.html.ru
Médium: MixedMaterials Elektronický zdroj Kapitola
KOHA link:https://koha.lib.tpu.ru/cgi-bin/koha/opac-detail.pl?biblionumber=636814

MARC

LEADER 00000nla0a2200000 4500
001 636814
005 20250407091808.0
035 |a (RuTPU)RU\TPU\network\870 
090 |a 636814 
100 |a 20140327d1989 k||y0rusy50 ca 
101 0 |a rus 
102 |a RU 
135 |a drnn ---uucaa 
181 0 |a i  
182 0 |a b 
200 1 |a Измерение спектральных характеристик gamma-излучения электроновпри каналировании в монокристаллах германия  |f К. Ю. Амосов [и др.] 
203 |a Текст  |c электронный 
300 |a Заглавие с экрана 
320 |a [Библиогр.: с. 194 (4 назв.)] 
461 |t Журнал технической физики  |d 1975- 
463 |t Т. 16, № 3  |v [С. 192-194]  |d 1989 
610 1 |a электронный ресурс 
610 1 |a труды учёных ТПУ 
701 1 |a Амосов  |b К. Ю. 
701 1 |a Андреяшкин  |b М. Ю. 
701 1 |a Внуков  |b И. Е. 
701 1 |a Воробьев  |b С. А.  |c физик  |c старший научный сотрудник Томского политехнического университета  |f 1944-1992  |g Сергей Александрович  |3 (RuTPU)RU\TPU\pers\19776 
701 1 |a Забаев  |b В. Н.  |c физик  |c доцент Томского политехнического университета, ведущий научный сотрудник, кандидат физико-математических наук  |f 1946-  |g Виктор Николаевич  |3 (RuTPU)RU\TPU\pers\28133 
701 1 |a Калинин  |b Б. Н. 
701 1 |a Науменко  |b Г. А.  |c физик  |c ведущий научный сотрудник Томского политехнического университета  |f 1947-  |g Геннадий Андреевич  |3 (RuTPU)RU\TPU\pers\26566 
701 1 |a Потылицын  |b А. П.  |c российский физик  |c профессор Томского политехнического университета  |f 1945-  |g Александр Петрович  |3 (RuTPU)RU\TPU\pers\15853  |9 5531 
701 1 |a Сарычев  |b В. П. 
701 1 |a Ялова  |b Л. Е. 
801 2 |a RU  |b 63413507  |c 20160211  |g RCR 
856 4 |u http://journals.ioffe.ru/jtf/1989/11/page-192.html.ru 
942 |c CF